| 000 | 00515 a2200169 4500 | ||
|---|---|---|---|
| 999 |
_c2407 _d2407 |
||
| 020 | _a9780702188756 | ||
| 050 | _aHN 710.3 SWA 2011 | ||
| 100 |
_aSwanepoel, Hennie _eauthor |
||
| 245 |
_aCommunity development: _bBreaking the cycle of poverty/ _cHennie Swanepoel and Frik De Beer |
||
| 250 | _a5th ed. | ||
| 264 |
_aLansdowne: _bJuta, _c2011. |
||
| 300 |
_a308 p.: _bill. |
||
| 500 | _aIncludes index | ||
| 650 | _aCommunity development | ||
| 700 |
_aBeer Frik De _eauthor |
||
| 942 |
_2lcc _cBK _e5th ed. _h710.3 _iSWA _kHN |
||